Evanescence: Complete Discography - Statistics

General Stats
  • This quiz has been taken 63 times
    4 since last reset
  • The average score is 42 of 90
Answer Stats
Album Song % Correct
Fallen Bring Me To Life
100%
The Open Door Call Me When You're Sober
100%
Evanescence Erase This
100%
Fallen Everybody's Fool
100%
Fallen (Bonus) Farther Away
100%
Fallen Going Under
100%
Fallen Haunted
100%
Fallen Hello
100%
Fallen Imaginary
100%
The Open Door Lithium
100%
Evanescence Lost In Paradise
100%
Fallen (Bonus) Missing
100%
Fallen My Immortal
100%
Fallen My Last Breath
100%
The Open Door Sweet Sacrifice
100%
Evanescence Swimming Home
100%
Fallen Taking Over Me
100%
Evanescence The Change
100%
Fallen Tourniquet
100%
Evanescence What You Want
100%
Fallen Whisper
100%
Sanctuary Who Will You Follow
100%
Sanctuary Afterlife
50%
The Open Door All That I'm Living For
50%
The Bitter Truth Better Without You
50%
The Bitter Truth Blind Belief
50%
Fallen (Bonus) Breathe No More
50%
The Bitter Truth Broken Pieces Shine
50%
The Open Door Cloud Nine
50%
Evanescence End Of The Dream
50%
Origin Even In Death
50%
The Bitter Truth Far From Heaven
50%
The Bitter Truth Feeding The Dark
50%
The Open Door Good Enough
50%
Synthesis Hi-Lo
50%
Lost Whispers If You Don't Mind
50%
The Open Door Lacrymosa
50%
The Open Door Like You
50%
The Open Door Lose Control
50%
Evanescence Made Of Stone
50%
Evanescence My Heart Is Broken
50%
Evanescence Never Go Back
50%
Evanescence Oceans
50%
Origin Origin / Intro
50%
The Bitter Truth Part Of Me
50%
Evanescence (Bonus) Say You Will
50%
Evanescence (Bonus) Secret Door
50%
Evanescence Sick
50%
The Open Door Snow White Queen
50%
Evanescence EP Solitude
50%
Evanescence EP The End
50%
The Bitter Truth The Game Is Over
50%
The Open Door The Only One
50%
Evanescence The Other Side
50%
Lost Whispers Together Again
50%
Evanescence EP Understanding
50%
The Bitter Truth Use My Voice
50%
The Bitter Truth Wasted On You
50%
The Open Door Weight Of The World
50%
The Bitter Truth Yeah Right
50%
The Open Door Your Star
50%
Sanctuary About Us
0%
Origin Anywhere
0%
The Bitter Truth Artifact / The Turn
0%
Sound Asleep Ascension Of The Spirit
0%
Origin Away From Me
0%
Sanctuary Beautiful Lie
0%
Sanctuary Calm Down
0%
Evanescence (Bonus) Disappear
0%
Origin Eternal
0%
Evanescence EP Exodus
0%
Origin Field Of Innocence
0%
Soundtracks Fight Like A Girl
0%
Sanctuary Forever Without You
0%
Sound Asleep Forgive Me
0%
Sound Asleep Give Unto Me
0%
Soundtracks Hand That Feeds
0%
Sanctuary How Do I Heal
0%
Synthesis Imperfection
0%
Origin Lies
0%
Evanescence (Bonus) New Way To Bleed
0%
Sanctuary Rapture
0%
Sanctuary Sanctuary
0%
Sanctuary Self Destruct
0%
Evanescence EP So Close
0%
The Bitter Truth Take Cover
0%
Sanctuary Tell Me When You've Had Enough
0%
Lost Whispers The Last Song I'm Wasting On You
0%
Origin Where Will You Go?
0%
Sanctuary Wide Open Heart
0%
No matching quizzes found
Score Distribution
Percent of People with Each Score
Percentile by Number Answered
Your Score History
You have not taken this quiz since the last reset